000
00334 a2200109 4500
001
ART_5590
005
20260410161616.0
008
260409a
245
1
0
_a
Es contrario a la República el desdén hacia la cuenta de inversión
100
1
_a
Atchabahian, Adolfo
773
0
_t
Enfoques
_g
- Nº 2 (feb. 2006)
_w
REV416
999
_c
11128
_d
11128